| 000 | 00839nam a22001817a 4500 | ||
|---|---|---|---|
| 999 |
_c61209 _d61209 |
||
| 005 | 20240108150432.0 | ||
| 008 | 240108s1990 ru ||||| |||| 00| 0 rus d | ||
| 041 | _arus | ||
| 080 | _a821.124 C-24 | ||
| 100 |
_aСветоний, Гай Транквилл _920588 |
||
| 245 |
_aЖизнь двенадцати цезарей / _cГай Светоний Транквилл; Пер. с латин., предисл. и примеч. М.Л. Гаспарова |
||
| 264 |
_aМосква : _bХудожественная литература, _c1990. |
||
| 300 |
_a255 с. _b22 см. |
||
| 653 | _aძველი რომის ისტორია | ||
| 653 | _aრომის კეისართა ცხოვრება | ||
| 700 |
_aГаспаров, М.Л. _eრედაქტორი _920499 |
||
| 942 |
_2udc _cᲬᲘᲒᲜᲘ |
||